Engineering Drawing Problems Series-l / (Record no. 193497)
[ view plain ]
| 000 -LEADER | |
|---|---|
| fixed length control field | 01160 a2200157 4500 |
| 003 - CONTROL NUMBER IDENTIFIER | |
| control field | Nust |
| 005 - DATE AND TIME OF LATEST TRANSACTION | |
| control field | 20221014122607.0 |
| 040 ## - CATALOGING SOURCE | |
| Transcribing agency | Nust |
| 082 ## - DEWEY DECIMAL CLASSIFICATION NUMBER | |
| Classification number | 604.2,MAC |
| 100 ## - MAIN ENTRY--PERSONAL NAME | |
| Personal name | Charles J.Vierck, Charles D.Cooper |
| 9 (RLIN) | 100326 |
| 245 ## - TITLE STATEMENT | |
| Title | Engineering Drawing Problems Series-l / |
| Statement of responsibility, etc. | Charles J.Vierck, Charles D.Cooper |
| 260 ## - PUBLICATION, DISTRIBUTION, ETC. | |
| Place of publication, distribution, etc. | New yourk |
| Name of publisher, distributor, etc. | Mc Graw- Hill |
| Date of publication, distribution, etc. | 1953 |
| 300 ## - PHYSICAL DESCRIPTION | |
| Extent | 108 |
| 505 ## - FORMATTED CONTENTS NOTE | |
| Formatted contents note | Applied Geometry, Architectural Views, Freehand Auxiliary Views, With Instruments, Charts and Graphs, Developments, Dimensioning, Inking, Intersections,Intersections and Developments, Isometric Drawing Freehand Isometric Drawing with Instruments, Lettering Inclined, Lettering Vertical ,Oblique Drawings Freehand, Oblique Drawings With Instruments, Oblique Views, Orthographic Projection-Freehand, Orthographic Projection-With Instruments, Orthographic Reading, Freehand, Orthographic Reading, With Instruments, Perspective Drawings, Rotations, Screw Threads, Sections And Conventions Freehand ,Sections And Conventions With Instruments, Threaded Fasteners ,Working Drawings, Tracing In Ink, Tracing In Pencil, Used The Instruments, Working Drawings. |
| 942 ## - ADDED ENTRY ELEMENTS (KOHA) | |
| Source of classification or shelving scheme | |
| Koha item type | Book |
| Withdrawn status | Lost status | Source of classification or shelving scheme | Damaged status | Not for loan | Collection code | Permanent Location | Current Location | Date acquired | Total Checkouts | Full call number | Barcode | Date last seen | Price effective from | Koha item type | Shelving location | Public note |
|---|---|---|---|---|---|---|---|---|---|---|---|---|---|---|---|---|
| Military College of Signals (MCS) | Military College of Signals (MCS) | 12/12/2016 | 604.2 VIE | MCS5942 | 12/08/2016 | 12/12/2016 | Book | |||||||||
| Military College of Signals (MCS) | Military College of Signals (MCS) | 12/12/2016 | 604.2,VIE | MCS5943 | 12/08/2016 | 12/12/2016 | Book | General Stacks | Almirah No.26, Shelf No.2 |
